000 01939cam a22005414i 4500
003 PE-LiUPU
005 20250731180147.0
008 150706s r 000 0 d
020 _a9789682484482
035 _a(Sirsi) i9789682484482
040 _aPE-LiUPU
_bspa
_cPE-LiUPU
_erda
049 _aPRUA
082 0 4 _a516.3076
_bO71
_221
100 1 _aOrozco Mayren, Gilberto,
_eautor.
245 1 0 _aGeometría analítica :
_bteoría y aplicaciones /
_cGilberto Orozco Mayren.
264 1 _aMéxico :
_bTrillas,
_c2007.
300 _a256 páginas :
_bilustraciones ;
_c27 cm.
336 _atext
_2rdacontent
337 _aunmediated
_2rdamedia
338 _avolume
_2rdacarrier
504 _aIncluye bibliografía.
505 0 _aSistema de coordenadas -- Transformación de coordenadas -- Lugar geométrico: cónicas -- ¿Parábola, elipse o hipérbola? -- Comprobación del discriminante -- Sistema de coordenadas polares.
526 _aSEG44
526 _aSEG26
526 _aP159
526 _aP155
526 _aP154
526 _aP153
526 _aP150
526 _aP100
526 _aP31
526 _aP30
526 _aP26
526 _aP25
526 _aP24
526 _aP22
526 _aP15
526 _aP10
541 _g001-0035421;
650 0 4 _aGeometría analítica
_xEstudio y enseñanza (Superior).
650 0 4 _aGeometría analítica
_vProblemas, ejercicios, etc.
910 _bjv
_cng
_d20120620
942 _2ddc
_cBOOK
949 _a516.3076 O71
_wDEWEY
_c1
_i65034
_lCCODEBUL1
_mBUL
_p32.00
_r0
_sY
_tBOOK
_u2015-7-6
_xINGENIERIA
_zUNKNOWN
_o.STAFF. Colección General
994 _aC0
_bPEPRU
596 _a1
999 _a516.3076 O71
_wDEWEY
_c53723
_i65034
_d53723
_e2019-6-10
_f2021-11-5
_g7
_lCCODEBUL1
_mBUL
_n19
_p32.00
_q2
_r0
_sY
_tBOOK
_u2015-7-6
_xBIBLIOTECA
_zUNKNOWN
_0COMPRA
_o.STAFF. Colección General
980 _81
_gALBERTO SANCHEZ Responsable de Automatización